书目信息 |
| 题名: |
冶金工业废水处理技术及工程实例
|
|
| 作者: | 王绍文 , 邹元龙 , 杨晓莉 编著 | |
| 分册: | ||
| 出版信息: | 北京 化学工业出版社 2009 |
|
| 页数: | 356页 | |
| 开本: | 26cm | |
| 丛书名: | 废水处理技术及工程实例丛书 | |
| 单 册: | ||
| 中图分类: | X756 | |
| 科图分类: | ||
| 主题词: | 冶金工业废物--工业废水--废水处理 , 冶金工业废物 , 工业废水 , 废水处理 | |
| 电子资源: | ||
| ISBN: | 978-7-122-03587-5 | |
| 000 | 01215oam2 2200313 45 | |
| 001 | 1033074343 | |
| 005 | 20100407095311.76 | |
| 010 | @a978-7-122-03587-5@dCNY68.00 | |
| 100 | @a20100401d2009 ekmy0chiy0120 ea | |
| 101 | 0 | @achi |
| 102 | @aCN@b110000 | |
| 105 | @aa z 000yy | |
| 106 | @ar | |
| 200 | 1 | @a冶金工业废水处理技术及工程实例@AYe Jin Gong Ye Fei Shui Chu Li Ji Shu Ji Gong Cheng Shi Li@f王绍文,邹元龙,杨晓莉等编著@FWang Shao Wen, Zou Yuan Long, Yang Xiao Li Deng Bian Zhu |
| 210 | @a北京@c化学工业出版社@d2009 | |
| 215 | @a356页@c图@d26cm | |
| 225 | 2 | @a废水处理技术及工程实例丛书@v3 |
| 330 | @a本书总结了国内外当今最为先进的钢铁工业、有色冶金工业各生产工艺的废水处理技术、废水资源化回用技术和节水减排技术,并进行了归纳和对比分析;结合各种废水处理技术典型工程实例,突出其实用性和可操作性。 | |
| 461 | 0 | @12001 @a废水处理技术及工程实例丛书@v3 |
| 606 | 0 | @a冶金工业废物@x工业废水@x废水处理 |
| 606 | 0 | @a冶金工业废物 |
| 606 | 0 | @a工业废水 |
| 606 | 0 | @a废水处理 |
| 690 | @aX756@v4 | |
| 701 | 0 | @a王绍文@AWang Shao Wen@4编著 |
| 701 | 0 | @a邹元龙@AZou Yuan Long@4编著 |
| 701 | 0 | @a杨晓莉@AYang Xiao Li@4编著 |
| 801 | 0 | @aCN@bTANGWEI@c20100407 |
| 905 | @b0588129-33@dX756@e148@f5 | |
| 冶金工业废水处理技术及工程实例/王绍文,邹元龙,杨晓莉等编著.-北京:化学工业出版社,2009 |
| 356页:图;26cm.-(废水处理技术及工程实例丛书;3) |
| ISBN 978-7-122-03587-5:CNY68.00 |
| 本书总结了国内外当今最为先进的钢铁工业、有色冶金工业各生产工艺的废水处理技术、废水资源化回用技术和节水减排技术,并进行了归纳和对比分析;结合各种废水处理技术典型工程实例,突出其实用性和可操作性。 |
| ● |
| 相关链接 |
|
|
|
|
正题名:冶金工业废水处理技术及工程实例
索取号:X756/148
 
预约/预借
| 序号 | 登录号 | 条形码 | 馆藏地/架位号 | 状态 | 备注 |
| 1 | 0588129 | 205881296 | 第二样本阅览室/ [索取号:X756/148] | 在馆 | |
| 2 | 0588130 | 205881303 | 第三借阅区/ [索取号:X756/148] | 在馆 | |
| 3 | 0588131 | 205881312 | 第三借阅区/ [索取号:X756/148] | 在馆 | |
| 4 | 0588132 | 205881321 | 第三借阅区/ [索取号:X756/148] | 在馆 | |
| 5 | 0588133 | 205881330 | 第三借阅区/ [索取号:X756/148] | 在馆 |